000 00420nam a2200181Ia 4500
001 15583
005 20260306170206.0
008 260306t2017||||xx |||||||||||||| ||und||
041 _aESP
082 _a547
_bW13 V. 1
100 _aWade, Leroy G.
_eAUT
245 0 _aQuímica orgánica
260 _c2017
300 _axxxii, 715 páginas :
_c27 cm.
650 _aGEN
654 _aCCN
942 _cLIB
_dJUS
_fJUS
_2ddc
_n
999 _c15583
_d15583